MARC

LEADER 00000nam0a2200000 4500
001 48107
005 20231031031316.0
010 |a 5283000788 
035 |a (RuTPU)RU\TPU\book\50332 
090 |a 48107 
100 |a 20030304d1990 km y0rusy50 ca 
101 0 |a rus 
102 |a RU 
105 |a a z 001zy 
200 1 |a Стационарные, переменные и пусковые режимы энергоблоков ТЭС  |f А. Г. Прокопенко, И. С. Мысак 
210 |a Москва  |c Энергоатомиздат  |d 1990 
215 |a 315 с.  |c ил. 
320 |a Библиогр.: с. 304-313. 
610 1 |a тепловые электрические станции 
610 1 |a теплосиловые установки 
610 1 |a режимы работы 
610 1 |a исследовательские проекты 
675 |a 621.311.22.002.5:621.182  |v 3 
700 1 |a Прокопенко  |b А. Г.  |g Артем Григорьевич 
701 1 |a Мысак  |b И. С.  |g Иосиф Степанович 
801 1 |a RU  |b 63413507  |c 20030304  |g PSBO 
801 2 |a RU  |b 63413507  |c 20201006  |g PSBO 
900 |a Режимы работы и эксплуатация электростанций 
900 |a Режимы работы и эксплуатация ТЭС 
942 |c BK